00342pam a2200145 a 4500020002000000041000500020082001300025100002100038245004600059250000800105260004100113300000800154653002000162700001400182 a1-884220-01-0c h a641.5945 aWEIBEL OeAuthor aFOOD & WINEcWEIBEL OhTextual Documents  a1st aAmericabA Brendan International Pub a256 afood & beverage eCo-Author